000 00554nam a2200193Ia 4500
003 LDD
008 181029s9999 xx 000 0 und d
020 _a415401062
_c595.00
040 _cLDD
100 _aRajagoplan
245 0 _aSecurity and south asia; Ideas, institutions and initiatives
_cRajagoplan
260 _aLondon
_bRoutledge
_c2006
300 _a263p.
365 _b595.00
901 _a3993
_b04-12-2007
902 _a3660
_b18-12-2007
_cF
_dSELECT
_e32
903 _aDiscount-15
_bReqst by : Anurag Joshi
942 _2ddc
_cBK
999 _c79319
_d79319